Manual práctico de contribuciones especiales / Manuel Ballesteros Fernández
ISBN:
84-87708-37-4
Descripción Física:
233 p. ; 20 cm
MARC
| LEADER | 00000nam a2200000Ia 4500 | ||
|---|---|---|---|
| 001 | 18293 | ||
| 008 | 160829s1992 xx 000 0 cat d | ||
| 020 | |a 84-87708-37-4 | ||
| 080 | |a M-5-277 | ||
| 100 | |a Ballesteros Fernández, Manuel |9 20423 | ||
| 245 | |a Manual práctico de contribuciones especiales / Manuel Ballesteros Fernández | ||
| 260 | |a Granada : |b Comares, |c 1992 | ||
| 300 | |a 233 p. ; |c 20 cm | ||
| 590 | |a Bibliografia | ||
| 650 | |a Impostos |x Espanya |x Manuals, guies, etc. |9 20424 | ||
| 901 | |a Arxiu | ||
| 942 | |n 1 | ||
| 952 | |0 0 |1 0 |4 0 |6 M5277 |7 1 |9 41526 |a Arxiu |b Arxiu |d 2016-12-01 |l 0 |o M-5-277 |p 18293 |r 2016-12-01 00:00:00 |w 2016-12-01 |y ARXIU | ||
| 999 | |c 43416 |d 43416 | ||